£30 billion (Record no. 84052)
[ view plain ]
| 000 -LEADER | |
|---|---|
| fixed length control field | 00971cad a22002055a 4500 |
| 001 - CONTROL NUMBER | |
| control field | L156521 |
| 008 - FIXED-LENGTH DATA ELEMENTS--GENERAL INFORMATION | |
| fixed length control field | 120531e2012 xxk 000 0 eng d |
| 035 ## - SYSTEM CONTROL NUMBER | |
| System control number | (Sirsi) u156521 |
| 041 0# - LANGUAGE CODE | |
| Language code of text/sound track or separate title | eng |
| 110 2# - MAIN ENTRY--CORPORATE NAME | |
| Corporate name or jurisdiction name as entry element | Savills |
| 9 (RLIN) | 2020 |
| 245 00 - TITLE STATEMENT | |
| Title | £30 billion |
| Remainder of title | The price of a single city now and the UK's total housing stock in 1952 |
| Medium | [electronic resource] |
| 260 ## - PUBLICATION, DISTRIBUTION, ETC. | |
| Date of publication, distribution, etc. | 2012 |
| 490 ## - SERIES STATEMENT | |
| Series statement | Savills UK News |
| Volume/sequential designation | 30 May 2012 |
| 520 ## - SUMMARY, ETC. | |
| Summary, etc. | Between 1952 and 2012, despite four property cycles of bust and boom, average UK house price has risen by over 8 000%. Graphs show house price bust and boom cycles and nominal and inflation-adjusted house price growth table over the 60 years. |
| 590 ## - LOCAL NOTE (RLIN) | |
| Local note | KA NTK |
| 651 #4 - SUBJECT ADDED ENTRY--GEOGRAPHIC NAME | |
| Geographic name | United Kingdom |
| Chronological subdivision | |
| 690 ## - LOCAL SUBJECT ADDED ENTRY--TOPICAL TERM (OCLC, RLIN) | |
| Topical term or geographic name as entry element | Residential property |
| 9 (RLIN) | 6266 |
| 856 40 - ELECTRONIC LOCATION AND ACCESS | |
| Uniform Resource Identifier | <a href="https://www.savills.co.uk/_news/newsitem.aspx?intSitePageId=72418&intNewsSitePageId=119766-0&intNewsMonth=5&intNewsYear=2012">https://www.savills.co.uk/_news/newsitem.aspx?intSitePageId=72418&intNewsSitePageId=119766-0&intNewsMonth=5&intNewsYear=2012</a> |
| Public note | View this item free of charge at www.savills.co.uk |
| 942 ## - ADDED ENTRY ELEMENTS (KOHA) | |
| Suppress in OPAC | 0 |
| Withdrawn status | Lost status | Source of classification or shelving scheme | Damaged status | Not for loan | Home library | Current library | Shelving location | Date acquired | Total Checkouts | Full call number | Barcode | Date last seen | Copy number | Price effective from | Koha item type |
|---|---|---|---|---|---|---|---|---|---|---|---|---|---|---|---|
| Dewey Decimal Classification | Virtual | Virtual | Online | 31/05/2012 | ONLINE PUBLICATION | 156521-2001 | 06/08/2019 | 1 | 06/08/2019 | Journal article |